đŸ—șVoyage pays traversĂ©s - Statistiques

Statistiques générales
  • Ce quiz a Ă©tĂ© pris 119 fois
  • Le rĂ©sultat moyen est 15 sur 27
Statistiques - réponses
Pays % Correct
France
100%
Suisse
97%
Allemagne
85%
Tchéquie
77%
Pologne
76%
Russie
66%
Ukraine
65%
Kazakhstan
60%
Ouzbekistan
55%
Algérie
52%
Afghanistan
51%
Niger
50%
Inde
49%
Cameroun
48%
Nepal
48%
Nigeria
48%
Pakistan
48%
Birmanie
42%
Gabon
42%
Laos
41%
République démocratique du Congo
40%
République du Congo
40%
Vietnam
40%
Guinée équatoriale
37%
Angola
36%
Namibie
33%
Botswana
32%
Aucun quiz correspondant
Distribution des résultats
% des personnes avec chaque résultat
Percentile par nombre de réponses
Votre historique - résultats
Vous n’avez pas pris ce quiz